| 000 | 00570nam a2200169 a 4500 | ||
|---|---|---|---|
| 008 | 120416s1958 xx |||||||||||||| || u | ||
| 050 | _aQD 31 Mac | ||
| 100 | _aMack, Edward | ||
| 245 | 1 | 0 | _aTextbook of chemistry |
| 250 | _a2nd ed. | ||
| 260 |
_a _bGinn & Co _c1958 |
||
| 300 | _aix, 854p. : ill. | ||
| 350 | _a0.00 | ||
| 650 | _aCHEMISTRY--STUDY AND TEACHING | ||
| 650 | 0 | _aCHEMISTRY--HANDBOOKS, MANUALS, ETC | |
| 995 |
_D0.00 _FCBU-MAIN LIBRARY (Kitwe) _H1 _I9.40 _M1 _UAVAILABLE _ZMain Library Open Access Collection |
||
| 999 |
_c59681 _d59681 |
||